Normal view
MARC view
Entry Personal Name
001 - CONTROL NUMBER
- control field: 15238
003 - CONTROL NUMBER IDENTIFIER
- control field: BD-RjUL
005 - DATE AND TIME OF LATEST TRANSACTION
- control field: 20250415120957.0
008 - FIXED-LENGTH DATA ELEMENTS
- fixed length control field: 250415|| aca||aabn | a|a d
040 ## - CATALOGING SOURCE
- Original cataloging agency: BD-RjUL
- Transcribing agency: BD-RjUL
100 ## - HEADING--PERSONAL NAME
- Personal name: خان، یوسف حسین ;; Khan, Yousuf Hussain
670 ## - SOURCE DATA FOUND
- Source citation: Work cat.: (BD-RjUL)84810: Ḥasrat Mūhānī, 1875-1951. 8401, حسرت کى شاعرى ;; Ḥasrat kī shāʻirī /, [1964]